Responses for show #6873 - Wednesday, July 2, 2014

Contestants

Christi Esterle, a librarian and stay-at-home mom from Colorado Springs, Colorado

Matthew Harney, a research assistant and student originally from Springfield, Illinois

Howard Ray, a laser applications engineer from East Longmeadow, Massachusetts (whose 1-day cash winnings total $30,200)

Jeopardy! Round responses

LET'S PLAY BALL!
BIBLE BOOKS IN OTHER WORDS
A HISTORY LESSON
COOKING TERMS
MODES OF TRANSPORT
THE SPANISH JOB
    $200 29
a bunt

Matthew
    $200 10
acts

Matthew
    $200 12
the Shetlands

Howard
    $200 9
dust

Christi
    $200 19
Submarine

Christi
    $200 1
(Matthew: What is driver?)
(Christi: What is host?)

waiter

HowardMatthewChristi
    $400 28
foul territory

Howard
    $400 17
Exodus

Howard
    $400 11
the Iberian

Christi
    $400 13
45 degrees

Howard
    $400 18
boat

Christi
    $400 2
sculptor

Howard
    $600 27
catcher

Howard
    $600 23
Nehemiah

Triple Stumper
    $1,000 6
the New Deal

Matthew
    $600 14
butter

Howard
    $600 20
Plane

Christi
    $600 3
an accountant

Christi
    $800 25
(Howard: What's a slider?)
(Christi: What is a changeup?)
(Matthew: What is a split-finger?)

a screwball

HowardMatthewChristi
Triple Stumper
    $800 24
(Matthew: What is [*]?)
(Alex: Good. You have to remember to phrase it in the form of a--)
(Matthew: Sorry.)

Ruth

Matthew
    $800 8
shogun

Howard
    $800 15
flute

Christi
    $800 21
(Matthew: What are Taxicabs?)
(Howard: What are Cabs?)

Cars

HowardMatthew
Triple Stumper
    $800 4
a lawyer

Christi
    $1000 26
the cutoff man

Howard
    $1000 30
Revelation

Christi
    $1000 7
Poland

Howard
    $1000 16
to coddle

Christi
    $1000 22
Bicycles

Triple Stumper
    $1000 5
a butcher

Matthew

Scores at the first commercial break (after clue 15):

Howard Matthew Christi
$3,600 $2,000 $2,600

Scores at the end of the Jeopardy! Round:

Howard Matthew Christi
$4,400 $1,400 $5,000

Double Jeopardy! Round responses

FINAL RESTING PLACES
LITERARY QUOTES
"SH"!
IM-PASTORS
MOB MOVIES
WISE GUYS
    $400 11
Arlington

Christi
    $400 8
The Wizard of Oz

Christi
    $400 5
(Matthew: What is a shah?)

sheikh

HowardMatthew
    $400 15
excommunicate

Matthew
    $400 26
Ace Rothstein

Triple Stumper
    $400 6
Confucius

Howard
    $800 10
Palm Springs

Matthew
    $800 9
wine & roses

Howard
    $800 4
a shunt

Matthew
    $800 19
The Dallas Buyers Club

Matthew
    $800 27
Little Caesar

Howard
    $800 7
Socrates

Christi
    $1200 16
Sleepy Hollow

Matthew
    $1200 12
The Sun Also Rises

Triple Stumper
    $1200 1
shale

Howard
    $1200 20
Jesse Jackson

Howard
    $1200 28
Elmore Leonard

Howard
    $1200 21
(Matthew: What is Torah?)

the Talmud

MatthewChristi
    $1600 17
Forest Lawn

Christi
    $1600 13
(Howard: Uh, who is... Coleridge?)

Christopher Marlowe

Howard
Triple Stumper
    $1600 2
a shih tzu

Howard
    $1600 24
Lost

Christi
    $1600 29
Gangster Squad

Triple Stumper
    $1600 22
(Howard: What is Ockham's [*]?)

razor

Howard
    $2000 18
Virginia

Triple Stumper
    $2,000 14
"The Pit and the Pendulum"

Christi
    $2000 3
shaddock

Triple Stumper
    $2000 25
Twelfth Night

Christi
    $3,000 30
(Howard: Uh... I have no idea.)

Russell Crowe & Denzel Washington

Howard
    $2000 23
to love

Triple Stumper

Scores at the end of the Double Jeopardy! Round:

Howard Matthew Christi
$9,000 $3,800 $15,000

[wagering suggestions for these scores]

Final Jeopardy! Round responses

U.S. GEOGRAPHY
MatthewWhat are New Alaska & Maine
$3,500
HowardWhat are ^ Amer Samoa and Guam?
$6,100
ChristiWhat are Guam + American S Samoa?
$3,001
Guam & the Virgin Islands

Final scores:

Howard Matthew Christi
$2,900 $300 $11,999
2nd place: $2,000 3rd place: $1,000 New champion: $11,999

Game dynamics:

Coryat scores:

Howard Matthew Christi
$12,000 $3,400 $15,000
20 R,
4 W
(including 1 DD)
10 R
(including 1 DD),
5 W
18 R
(including 1 DD),
2 W

Combined Coryat: $30,400

The J! Archive is created by fans, for fans. The Jeopardy! game show and all elements thereof, including but not limited to copyright and trademark thereto, are the property of Jeopardy Productions, Inc. and are protected under law. This website is not affiliated with, sponsored by, or operated by Jeopardy Productions, Inc. Join the discussion at JBoard.tv.